| 000 | 00000nas 2200000za 4500 |
| 001 | 9.819462 |
| 003 | CaOODSP |
| 005 | 20221107142951 |
| 007 | cr ||||||||||| |
| 008 | 160615d19711980onc x p oss f000#a0eng|d |
| 022 | |y0318-8787 |
| 040 | |aCaOODSP|beng |
| 041 | |aeng|afre |
| 043 | |an-cn--- |
| 086 | 1 |aCS61-212-PDF |
| 086 | 1 |aCS61-519-PDF |
| 245 | 00|aSelected financial statistics of charitable organizations |h[electronic resource] / |cStatistics Canada, Merchandising and Services Division = Certaines statistiques financières des oeuvres de charité / Statistique Canada, Division du commerce et des services. |
| 246 | 11|aCertaines statistiques financières des oeuvres de charité |
| 246 | 13|aCertaines statistiques financières des organismes de charité |f1980 |
| 260 | |aOttawa : |bStatistics Canada = Statistique Canada, |c1975-1982. |
| 310 | |aIrregular, |b1980 |
| 321 | |aAnnual, |b1971-1972/1973 |
| 362 | 0 |a1971-1980. |
| 500 | |aDigitized edition from print [produced by Statistics Canada]. |
| 500 | |aIssue for 1980 has errata. |
| 515 | |aVols. for 1974-1979 not published. |
| 546 | |aText in English and French. |
| 550 | |aIssued 1972/1973 by Statistics Canada; 1980 by Merchandising and Services Division. |
| 692 | 07|2gccst|aCharitable organizations |
| 692 | 07|2gccst|aFinance |
| 710 | 2 |aStatistics Canada.|bMerchandising and Services Division. |
| 792 | |tSelected financial statistics of charitable organizations |efre|w(CaOODSP)9.819466 |